Vårdfokus : (Post nr. 8957)
[ visa ren ]
| 000 -LEADER | |
|---|---|
| fixed length control field | 01997cas a2200565 a 4500 |
| 001 - CONTROL NUMBER | |
| control field | 62603 |
| 005 - DATE AND TIME OF LATEST TRANSACTION | |
| control field | 20200519143733.0 |
| 008 - FIXED-LENGTH DATA ELEMENTS--GENERAL INFORMATION | |
| fixed length control field | 100511c20109999sw mr|p |0 b0swe c |
| 022 0# - INTERNATIONAL STANDARD SERIAL NUMBER | |
| International Standard Serial Number | 2000-5717 |
| 035 ## - SYSTEM CONTROL NUMBER | |
| System control number | (SE-LIBR)11836964 |
| 082 0# - DEWEY DECIMAL CLASSIFICATION NUMBER | |
| Classification number | 331.8 |
| 084 ## - OTHER CLASSIFICATION NUMBER | |
| Classification number | Ohai-cza Vårdförbundet(p) |
| Number source | kssb/8 |
| 222 #0 - KEY TITLE | |
| Key title | Vårdfokus |
| 245 10 - TITLE STATEMENT | |
| Title | Vårdfokus : |
| Remainder of title | tidning för Vårdförbundet |
| 260 ## - PUBLICATION, DISTRIBUTION, ETC. | |
| Place of publication, distribution, etc. | Stockholm : |
| Name of publisher, distributor, etc. | Vårdförbundet, |
| Date of publication, distribution, etc. | 2010- |
| 310 ## - CURRENT PUBLICATION FREQUENCY | |
| Current publication frequency | 11 nr/år |
| 362 0# - DATES OF PUBLICATION AND/OR SEQUENTIAL DESIGNATION | |
| Dates of publication and/or sequential designation | Årg. 34(2010): nr 5- |
| 610 24 - SUBJECT ADDED ENTRY--CORPORATE NAME | |
| Corporate name or jurisdiction name as entry element | Vårdförbundet |
| Authority record control number or standard number | 206291 |
| 655 #7 - INDEX TERM--GENRE/FORM | |
| Genre/form data or focus term | Fackförbundspress |
| Authority record control number or standard number | 215827 |
| Source of term | saogf |
| 655 #7 - INDEX TERM--GENRE/FORM | |
| Genre/form data or focus term | Periodika |
| Source of term | saogf |
| Authority record control number or standard number | 353495 |
| 710 2# - ADDED ENTRY--CORPORATE NAME | |
| Corporate name or jurisdiction name as entry element | Vårdförbundet |
| Relationship | pbl |
| Authority record control number or standard number | 206291 |
| 762 0# - SUBSERIES ENTRY | |
| Record control number | 62612 |
| 762 0# - SUBSERIES ENTRY | |
| Record control number | 64874 |
| 780 00 - PRECEDING ENTRY | |
| Title | Vårdfacket |
| International Standard Serial Number | 0347-0911 |
| Record control number | IMP(SE-LIBR)8261482 |
| 856 48 - ELECTRONIC LOCATION AND ACCESS | |
| Uniform Resource Identifier | <a href="http://www.vardforbundet.se/vardfokus/">http://www.vardforbundet.se/vardfokus/</a> |
| Public note | Tidskriftens webbplats |
| 910 ## - USER-OPTION DATA (OCLC) | |
| -- | 610,710 |
| User-option data | Vårdförbundet SHSTF |
| -- | Vårdförbundet |
| 950 ## - LOCAL HOLDINGS (RLIN) | |
| -- | 650 |
| 950 ## - LOCAL HOLDINGS (RLIN) | |
| -- | 650 |
| 950 ## - LOCAL HOLDINGS (RLIN) | |
| -- | 650 |
| 950 ## - LOCAL HOLDINGS (RLIN) | |
| -- | 650 |
| 950 ## - LOCAL HOLDINGS (RLIN) | |
| -- | 650 |
| 950 ## - LOCAL HOLDINGS (RLIN) | |
| -- | 650 |
| 950 ## - LOCAL HOLDINGS (RLIN) | |
| -- | 650 |
| 950 ## - LOCAL HOLDINGS (RLIN) | |
| -- | 650 |
| 950 ## - LOCAL HOLDINGS (RLIN) | |
| -- | 650 |
| 950 ## - LOCAL HOLDINGS (RLIN) | |
| -- | 650 |
| 950 ## - LOCAL HOLDINGS (RLIN) | |
| -- | 650 |
| 950 ## - LOCAL HOLDINGS (RLIN) | |
| -- | 650 |
| 950 ## - LOCAL HOLDINGS (RLIN) | |
| -- | 650 |
| 950 ## - LOCAL HOLDINGS (RLIN) | |
| -- | 650 |
| 950 ## - LOCAL HOLDINGS (RLIN) | |
| -- | 650 |
| 950 ## - LOCAL HOLDINGS (RLIN) | |
| -- | 650 |
| 950 ## - LOCAL HOLDINGS (RLIN) | |
| -- | 650 |
| 955 ## - COPY-LEVEL INFORMATION (RLIN) | |
| -- | 655 |
| 955 ## - COPY-LEVEL INFORMATION (RLIN) | |
| -- | 655 |
| 955 ## - COPY-LEVEL INFORMATION (RLIN) | |
| -- | 655 |
| 955 ## - COPY-LEVEL INFORMATION (RLIN) | |
| -- | 655 |
| 955 ## - COPY-LEVEL INFORMATION (RLIN) | |
| -- | 655 |
| 955 ## - COPY-LEVEL INFORMATION (RLIN) | |
| -- | 655 |
Inga exemplar finns tillgängliga.